ბათუმის შოთა რუსთაველის სახელმწიფო უნივერსიტეტის ბიბლიოთეკა

სახელთა დერივაცია თანამედროვე ქართულში (ბიბ.ჩანაწერი № 51194)

000 -LEADER
fixed length control field 00969nam a2200253Ia 4500
001 - CONTROL NUMBER
control field 18153
003 - CONTROL NUMBER IDENTIFIER
control field GE_BSU
008 - FIXED-LENGTH DATA ELEMENTS--GENERAL INFORMATION
fixed length control field 181216s||||||||xx |||||||||||||| ||und||
020 ## - INTERNATIONAL STANDARD BOOK NUMBER
International Standard Book Number 978-9941-0-0727-9
040 ## - CATALOGING SOURCE
Transcribing agency GE_BSU
080 ## - UNIVERSAL DECIMAL CLASSIFICATION NUMBER
Universal Decimal Classification number 811.353.1'373.611
100 ## - MAIN ENTRY--PERSONAL NAME
Personal name ფეიქრიშვილი, ჟუჟუნა
245 ## - TITLE STATEMENT
Title სახელთა დერივაცია თანამედროვე ქართულში
245 ## - TITLE STATEMENT
Statement of responsibility, etc. რედ. რ. საღინაძე
260 ## - PUBLICATION, DISTRIBUTION, ETC.
Place of publication, distribution, etc. თბილისი
260 ## - PUBLICATION, DISTRIBUTION, ETC.
Name of publisher, distributor, etc. გამ-ბა " ჯანსუღ ღვინჯილია
260 ## - PUBLICATION, DISTRIBUTION, ETC.
Date of publication, distribution, etc. 2008
300 ## - PHYSICAL DESCRIPTION
Extent 208გვ. ; 20სმ.
653 ## - INDEX TERM--UNCONTROLLED
Uncontrolled term სახელთა დერივაცია თანამედროვე ქართულში
653 ## - INDEX TERM--UNCONTROLLED
Uncontrolled term სიტყვათწარმოება ქართულში
653 ## - INDEX TERM--UNCONTROLLED
Uncontrolled term ქართული ენა
942 ## - ADDED ENTRY ELEMENTS (KOHA)
Koha item type წიგნი
ეგზემპლარები
Withdrawn status Lost status Damaged status Not for loan Date acquired Barcode Date last seen Price effective from Koha item type
        2018-12-17 46282 2018-12-17 2018-12-17 წიგნი
        2018-12-17 46283 2018-12-17 2018-12-17 წიგნი